[Event "87o Campeonato Brasileiro Absoluto Final Aberta"]
[Site "Cuiaba MT"]
[Date "2021.10.31"]
[Round "5"]
[Board "3"]
[White "Mekhitarian, Krikor Sevag"]
[Black "Luz, Arthur Nader"]
[Result "1-0"]
[WhiteElo "2560"]
[BlackElo "2149"]
[PlyCount "75"]
[EventDate "2021.10.28"]
[EventRounds "11"]
[EventCountry "BRA"]

1. e4 c5 2. Nf3 d6 3. d4 cxd4 4. Nxd4 Nf6 5. Nc3 g6 6. Be3 Bg7 7. f3 O-O 8. Qd2
Nc6 9. O-O-O d5 10. exd5 Nxd5 11. Nxc6 bxc6 12. Bd4 e5 13. Bc5 Be6 14. Ne4 Re8
15. Bc4 Nf4 16. Qxd8 Rexd8 17. Bxe6 Nxe6 18. Be3 Nf4 19. Bxf4 exf4 20. c3 Rd5
21. Rxd5 cxd5 22. Nf2 Rc8 23. Kd2 d4 24. c4 Rxc4 25. Nd3 Bf8 26. a3 Rc6 27. Rc1
Rd6 28. Rc5 a6 29. b4 Bh6 30. Ra5 Bf8 31. Nc5 Rd8 32. Nxa6 Ra8 33. b5 Bc5 34.
Nxc5 Rxa5 35. a4 d3 36. Kxd3 Kf8 37. Kc4 Ke8 38. b6  1-0

[Event "87o Campeonato Brasileiro Absoluto Final Aberta"]
[Site "Cuiaba MT"]
[Date "2021.10.31"]
[Round "5"]
[Board "4"]
[White "Umetsubo, Cesar Hidemitsu"]
[Black "Santiago, Yago De Moura"]
[Result "0-1"]
[WhiteElo "2379"]
[BlackElo "2478"]
[PlyCount "90"]
[EventDate "2021.10.28"]
[EventRounds "11"]
[EventCountry "BRA"]

1. e4 c6 2. d4 d5 3. exd5 cxd5 4. Bd3 Nf6 5. h3 Nc6 6. c3 Qc7 7. Ne2 e6 8. Bf4
Bd6 9. Bxd6 Qxd6 10. Nd2 O-O 11. O-O e5 12. dxe5 Nxe5 13. Nc4 Nxc4 14. Bxc4 Re8
15. Ng3 h5 16. Bb5 Re5 17. Qd4 a6 18. Ba4 b5 19. Bb3 Bd7 20. Rae1 Rae8 21. Rxe5
Rxe5 22. Bd1 g6 23. Bf3 Qe7 24. Rd1 Bf5 25. Nxf5 Rxf5 26. a4 bxa4 27. Qxa4 Qe6
28. Ra1 Re5 29. Qxa6 Qf5 30. Qd6 g5 31. g3 g4 32. hxg4 hxg4 33. Bg2 Re2 34. Qb6
Kg7 35. b4 Rd2 36. Re1 d4 37. Rf1 dxc3 38. b5 c2 39. Qc6 Rd1 40. b6 c1=Q 41.
Qxc1 Rxc1 42. Rxc1 Ne4 43. b7 Qxf2+ 44. Kh1 Nxg3+ 45. Kh2 Ne2  0-1

[Event "87o Campeonato Brasileiro Absoluto Final Aberta"]
[Site "Cuiaba MT"]
[Date "2021.10.31"]
[Round "5"]
[Board "5"]
[White "Lima, Darcy"]
[Black "Bittencourt, Jorge"]
[Result "1/2-1/2"]
[WhiteElo "2508"]
[BlackElo "2414"]
[PlyCount "50"]
[EventDate "2021.10.28"]
[EventRounds "11"]
[EventCountry "BRA"]

1. d4 Nf6 2. c4 e6 3. Nf3 d5 4. Nc3 dxc4 5. e3 a6 6. a4 c5 7. Bxc4 Nc6 8. O-O
Be7 9. Ne5 cxd4 10. Nxc6 bxc6 11. exd4 a5 12. Bf4 O-O 13. Be5 Ba6 14. b3 Qb6
15. Rc1 Rfd8 16. Qf3 Bxc4 17. bxc4 Nd7 18. Bg3 Rdc8 19. Rfd1 Nf6 20. Rb1 Qa6
21. c5 Qc4 22. Be5 Nd7 23. Bg3 Nf6 24. Be5 Nd7 25. Bg3 Nf6  1/2-1/2

[Event "87o Campeonato Brasileiro Absoluto Final Aberta"]
[Site "Cuiaba MT"]
[Date "2021.10.31"]
[Round "5"]
[Board "7"]
[White "Aranha Filho, Alvaro Z."]
[Black "Guimaraes, Diogo Duarte"]
[Result "1/2-1/2"]
[WhiteElo "2236"]
[BlackElo "2264"]
[PlyCount "47"]
[EventDate "2021.10.28"]
[EventRounds "11"]
[EventCountry "BRA"]

1. d4 d5 2. c4 c6 3. Nf3 Nf6 4. g3 g6 5. Qa4 Nbd7 6. cxd5 Nb6 7. Qb3 Qxd5 8.
Qxd5 Nbxd5 9. a3 Bg7 10. Bg2 O-O 11. O-O Bf5 12. Nbd2 Ne4 13. Nc4 Nd6 14. Nxd6
exd6 15. Nd2 Be6 16. e4 Nb6 17. Nf3 d5 18. e5 f6 19. Bf4 fxe5 20. Bxe5 Nc4 21.
Rfe1 Nxe5 22. Nxe5 Rae8 23. f4 Bf6 24. h4  1/2-1/2

[Event "87o Campeonato Brasileiro Absoluto Final Aberta"]
[Site "Cuiaba MT"]
[Date "2021.10.31"]
[Round "5"]
[Board "8"]
[White "Barbosa, Evandro Amorim"]
[Black "Gauche, Charles"]
[Result "0-1"]
[WhiteElo "2509"]
[BlackElo "2155"]
[PlyCount "70"]
[EventDate "2021.10.28"]
[EventRounds "11"]
[EventCountry "BRA"]

1. e4 c5 2. Nf3 d6 3. Bb5+ Bd7 4. Bxd7+ Qxd7 5. O-O e6 6. Qe2 Nc6 7. Rd1 Nf6 8.
d4 cxd4 9. Nxd4 Be7 10. c4 O-O 11. Nc3 Rfc8 12. b3 Nxd4 13. Rxd4 Qc6 14. Bb2 a6
15. a4 b6 16. Rad1 Nd7 17. R4d3 Ne5 18. Rh3 Ng6 19. Qh5 h6 20. Qg4 Bf6 21. Rh5
Be5 22. g3 b5 23. h4 bxc4 24. b4 Qb6 25. b5 axb5 26. axb5 Qc5 27. Rc1 Qb4 28.
Qe2 Bd4 29. Kg2 Ne5 30. Rc2 Qb3 31. b6 Qxb6 32. Qd2 Nd3 33. Rb5 Qc6 34. Rh5
Bxc3 35. Bxc3 Qxe4+  0-1

[Event "87o Campeonato Brasileiro Absoluto Final Aberta"]
[Site "Cuiaba MT"]
[Date "2021.10.31"]
[Round "5"]
[Board "9"]
[White "Lage, Pedro Ferreira"]
[Black "Molina, Roberto Junio Brito"]
[Result "1/2-1/2"]
[WhiteElo "2144"]
[BlackElo "2434"]
[PlyCount "117"]
[EventDate "2021.10.28"]
[EventRounds "11"]
[EventCountry "BRA"]

1. Nf3 d5 2. g3 Nf6 3. Bg2 e6 4. O-O Nc6 5. d4 Bd6 6. c4 h6 7. Nc3 O-O 8. Re1
dxc4 9. Qa4 Nb4 10. Ne5 c6 11. a3 b5 12. Qd1 Nbd5 13. Nxc6 Qb6 14. Ne5 Rd8 15.
Qc2 Bb7 16. Nxd5 exd5 17. Be3 Ne4 18. Red1 Qc7 19. f3 Nf6 20. Bf4 Qe7 21. Bh3
a5 22. Bf5 Ra6 23. Qd2 Bc8 24. Bb1 Nd7 25. Nxd7 Bxd7 26. Qc2 f5 27. e4 Bxf4 28.
gxf4 Rg6+ 29. Kh1 fxe4 30. fxe4 Bg4 31. Rf1 Qxe4+ 32. Qxe4 dxe4 33. Bxe4 Re6
34. Rae1 Rxd4 35. Bg2 Rxe1 36. Rxe1 Rxf4 37. Re5 Rf5 38. Rxf5 Bxf5 39. Bc6 b4
40. axb4 axb4 41. Bd5+ Kf8 42. Bxc4 Ke7 43. Kg2 Kd6 44. Kf3 Kc5 45. Be2 Kd4 46.
h4 Bd3 47. Bd1 Be4+ 48. Kf4 Bd5 49. Bc2 Bc4 50. Kf5 Bd3+ 51. Bxd3 Kxd3 52. h5
Kc2 53. Kg6 Kxb2 54. Kxg7 b3 55. Kxh6 Kc3 56. Kg7 b2 57. h6 b1=Q 58. h7 Qxh7+
59. Kxh7  1/2-1/2

[Event "87o Campeonato Brasileiro Absoluto Final Aberta"]
[Site "Cuiaba MT"]
[Date "2021.10.31"]
[Round "5"]
[Board "10"]
[White "Limp, Eduardo Thelio"]
[Black "Oliveira, Leonardo Tadeu De Alme"]
[Result "1/2-1/2"]
[WhiteElo "2364"]
[BlackElo "2121"]
[PlyCount "38"]
[EventDate "2021.10.28"]
[EventRounds "11"]
[EventCountry "BRA"]

1. c4 c6 2. Nf3 d5 3. e3 Nf6 4. b3 Bg4 5. Bb2 e6 6. Be2 Bd6 7. O-O Nbd7 8. Nc3
O-O 9. cxd5 cxd5 10. Nb5 Be7 11. Ne5 Bxe2 12. Qxe2 a6 13. Nc3 Rc8 14. f4 Re8
15. Rf3 Bc5 16. Nd1 Qe7 17. Nf2 Ba3 18. Bc3 Bb4 19. Bb2 Ba3  1/2-1/2

[Event "87o Campeonato Brasileiro Absoluto Final Aberta"]
[Site "Cuiaba MT"]
[Date "2021.10.31"]
[Round "5"]
[Board "11"]
[White "Cadilhac, Igor Tokuichi Kikuchi"]
[Black "Trevisan, Rodrigo"]
[Result "1-0"]
[WhiteElo "2323"]
[BlackElo "2111"]
[PlyCount "55"]
[EventDate "2021.10.28"]
[EventRounds "11"]
[EventCountry "BRA"]

1. e4 c5 2. Nf3 d6 3. d4 cxd4 4. Qxd4 Nf6 5. Nc3 Nc6 6. Bb5 Bd7 7. Bxc6 Bxc6 8.
Bg5 e6 9. O-O-O Be7 10. Qd3 O-O 11. Nd4 Qa5 12. f4 Rac8 13. Kb1 Bd8 14. f5 Bd7
15. Nb3 Rxc3 16. bxc3 Qb6 17. Rhe1 a5 18. Qxd6 Bc6 19. fxe6 fxe6 20. Qxe6+ Kh8
21. e5 Nd5 22. Rf1 Rg8 23. Bxd8 Nxc3+ 24. Ka1 Rxd8 25. Rxd8+ Qxd8 26. Qd6 Qxd6
27. exd6 Kg8 28. Nc5  1-0

[Event "87o Campeonato Brasileiro Absoluto Final Aberta"]
[Site "Cuiaba MT"]
[Date "2021.10.31"]
[Round "5"]
[Board "12"]
[White "Sekula, Markley Ribas"]
[Black "Oliveira, Silvio Eduardo"]
[Result "1-0"]
[WhiteElo "2092"]
[BlackElo "2321"]
[PlyCount "113"]
[EventDate "2021.10.28"]
[EventRounds "11"]
[EventCountry "BRA"]

1. e4 c5 2. Nf3 d6 3. d4 cxd4 4. Nxd4 Nf6 5. Nc3 Nc6 6. Bc4 Qb6 7. Nxc6 bxc6 8.
O-O g6 9. Qe1 Ng4 10. b3 Bg7 11. Bb2 Qb8 12. h3 Ne5 13. Na4 O-O 14. Qc3 Bf6 15.
Be2 g5 16. Qg3 Kh8 17. Rad1 Rg8 18. Bg4 Be6 19. c4 c5 20. Bxe6 fxe6 21. Bxe5
Bxe5 22. Qg4 Rg6 23. Rd3 Qg8 24. Nc3 Rf8 25. Ne2 Qg7 26. Ng3 Rf4 27. Qe2 Qf8
28. Nh5 Rf7 29. g4 Rg8 30. Kg2 Qe8 31. Rf3 Rxf3 32. Qxf3 Rf8 33. Qe3 Qf7 34. f3
h6 35. h4 Qg6 36. hxg5 hxg5 37. Rh1 Kg8 38. Ng3 Qf6 39. Rh5 Bf4 40. Qf2 Qe5 41.
Ne2 Bd2 42. Ng1 Qc3 43. Nh3 Be3 44. Qe2 Qc1 45. Nf2 Bd4 46. Rh1 Qc3 47. Nd1 Qa5
48. Rh5 Bf6 49. Nf2 Kf7 50. e5 Bxe5 51. Qe4 Rg8 52. Rh6 Qxa2 53. Rxe6 Qb2 54.
Qh7+ Rg7 55. Qf5+ Ke8 56. Rh6 Kd8 57. Rh8+  1-0

[Event "87o Campeonato Brasileiro Absoluto Final Aberta"]
[Site "Cuiaba MT"]
[Date "2021.10.31"]
[Round "5"]
[Board "13"]
[White "Filgueiras, Nathan Felipe"]
[Black "Piccoli, Lucas Fonseca"]
[Result "1-0"]
[WhiteElo "2312"]
[BlackElo "2075"]
[PlyCount "143"]
[EventDate "2021.10.28"]
[EventRounds "11"]
[EventCountry "BRA"]

1. e4 e5 2. Nf3 Nc6 3. Bc4 Nf6 4. d3 Bc5 5. O-O a6 6. Nbd2 d6 7. c3 Ba7 8. Bb3
O-O 9. h3 h6 10. Re1 Re8 11. Nf1 Be6 12. Bc2 d5 13. exd5 Bxd5 14. Ng3 Qd6 15.
Nh4 Ne7 16. Be3 Bxe3 17. Rxe3 Bc6 18. Qe1 Ned5 19. Ngf5 Qf8 20. Rxe5 g6 21. Nd4
Rxe5 22. Qxe5 Re8 23. Qg3 Nh5 24. Qg4 Ndf6 25. Qd1 Bd7 26. b4 c5 27. bxc5 Qxc5
28. Qd2 g5 29. Nhf3 Nf4 30. Re1 Rc8 31. c4 Ng6 32. Nb3 Qc7 33. d4 Nf4 34. Ne5
Be6 35. Nc5 Bxc4 36. Nxc4 b6 37. Ne3 bxc5 38. Nf5 Rd8 39. Nxh6+ Kf8 40. Qc3 Qc6
41. Qxc5+ Qxc5 42. dxc5 Rd2 43. Bb3 Nd3 44. Rd1 Rxd1+ 45. Bxd1 Nxc5 46. Nf5 Nd5
47. Nd4 Nc3 48. Bb3 a5 49. Bc4 N5e4 50. Nb5 Nd1 51. f3 Nd2 52. Be2 Ne3 53. Kf2
Nc2 54. Bd3 Nb4 55. Ke3 Nxd3 56. Kxd3 Nf1 57. Na3 f5 58. Nc4 a4 59. Nb6 a3 60.
Nc4 f4 61. Nxa3 Ne3 62. Nc4 Nxg2 63. a4 Ke7 64. Ke4 Kd7 65. Kf5 Nh4+ 66. Kg4
Kc6 67. Nd2 Kc5 68. Kxg5 Ng2 69. h4 Ne3 70. Kxf4 Nd5+ 71. Ke5 Nc3 72. Ne4+  1-0

[Event "87o Campeonato Brasileiro Absoluto Final Aberta"]
[Site "Cuiaba MT"]
[Date "2021.10.31"]
[Round "5"]
[Board "14"]
[White "Souza Neves, Andrey M."]
[Black "Labussiere, Victor"]
[Result "0-1"]
[WhiteElo "2087"]
[BlackElo "2291"]
[PlyCount "100"]
[EventDate "2021.10.28"]
[EventRounds "11"]
[EventCountry "BRA"]

1. e4 c5 2. c3 Nf6 3. e5 Nd5 4. Nf3 Nc6 5. Bc4 Nb6 6. Bb3 g6 7. d4 cxd4 8. cxd4
Bg7 9. Ng5 O-O 10. O-O d5 11. f4 f6 12. Nf3 Bf5 13. Nh4 Be4 14. Nc3 Kh8 15. Be3
Na5 16. Nxe4 Nxb3 17. axb3 dxe4 18. f5 fxe5 19. fxg6 Rxf1+ 20. Kxf1 Nd5 21. Bg5
h6 22. Kg1 Nf4 23. Bxf4 exf4 24. Nf5 e6 25. Nxg7 Kxg7 26. Ra4 Qd5 27. Rc4 Rd8
28. Qg4 Qd6 29. h4 b5 30. Rc1 Qxd4+ 31. Kh2 Qe5 32. Rc6 f3+ 33. Qg3 Qxg3+ 34.
Kxg3 fxg2 35. Kxg2 Kxg6 36. Rxe6+ Kf5 37. Rxh6 Rd2+ 38. Kf1 Rxb2 39. Rh5+ Kf4
40. Rxb5 Kf3 41. Rf5+ Ke3 42. Ra5 Rf2+ 43. Kg1 Rf7 44. b4 Kd3 45. Ra3+ Kd4 46.
b5 e3 47. Ra4+ Kd3 48. h5 Rg7+ 49. Kf1 e2+ 50. Kf2 Rf7+  0-1

[Event "87o Campeonato Brasileiro Absoluto Final Aberta"]
[Site "Cuiaba MT"]
[Date "2021.10.31"]
[Round "5"]
[Board "15"]
[White "Cunha, Lucas Aguiar"]
[Black "Soares, Joao Carlos T. C."]
[Result "1-0"]
[WhiteElo "2290"]
[BlackElo "2056"]
[PlyCount "85"]
[EventDate "2021.10.28"]
[EventRounds "11"]
[EventCountry "BRA"]

1. e4 e6 2. d4 d5 3. Nd2 Nf6 4. e5 Nfd7 5. Bd3 c5 6. c3 Nc6 7. Ne2 cxd4 8. cxd4
f6 9. exf6 Nxf6 10. O-O Bd6 11. Nf3 Qc7 12. Bg5 O-O 13. Bh4 Nh5 14. Bg3 Nxg3
15. hxg3 g6 16. Rc1 a6 17. Bb1 Qg7 18. Qd2 Bd7 19. a3 Rad8 20. Ba2 h6 21. Rc3
g5 22. g4 Ne7 23. Ng3 Bxg3 24. fxg3 Nc6 25. Rd1 Rf6 26. Re3 Rdf8 27. Qc3 R8f7
28. Bb3 Qf8 29. Ba4 b5 30. Bc2 Qb8 31. Ne5 Nxe5 32. dxe5 Rf2 33. Bf5 R2xf5 34.
gxf5 Rxf5 35. Rf1 Rxf1+ 36. Kxf1 b4 37. axb4 Bb5+ 38. Kg1 Qd8 39. Qd4 Qe8 40.
Rc3 Qf8 41. Rf3 Qc8 42. Qa7 Be8 43. Qe7  1-0

[Event "87o Campeonato Brasileiro Absoluto Final Aberta"]
[Site "Cuiaba MT"]
[Date "2021.10.31"]
[Round "5"]
[Board "16"]
[White "Nunes Jr, Sidney"]
[Black "Nogueira, Ivan Kuhlmann"]
[Result "1/2-1/2"]
[WhiteElo "2084"]
[BlackElo "2237"]
[PlyCount "59"]
[EventDate "2021.10.28"]
[EventRounds "11"]
[EventCountry "BRA"]

1. e4 Nc6 2. d4 d5 3. e5 Bf5 4. Nf3 e6 5. Be2 Nge7 6. a3 Ng6 7. Be3 f6 8. exf6
Qxf6 9. Nc3 a6 10. Qd2 Bd6 11. h4 h6 12. h5 Nge7 13. Nh4 O-O-O 14. O-O-O e5 15.
Nxf5 Qxf5 16. Kb1 Kb8 17. Bf3 exd4 18. Bxd4 Ne5 19. Bxe5 Bxe5 20. Rhe1 Qf6 21.
Na4 Nc6 22. Nc5 Rd6 23. Nd3 Bd4 24. c3 Bb6 25. Re2 Na5 26. Ne5 Nc4 27. Nxc4
dxc4 28. Qc2 Rhd8 29. Rxd6 Qxd6 30. Ka2  1/2-1/2

[Event "87o Campeonato Brasileiro Absoluto Final Aberta"]
[Site "Cuiaba MT"]
[Date "2021.10.31"]
[Round "5"]
[Board "17"]
[White "Marra, Eduardo Da Costa"]
[Black "Cardoso, Marcio De Lucca"]
[Result "1-0"]
[WhiteElo "2200"]
[BlackElo "1892"]
[PlyCount "91"]
[EventDate "2021.10.28"]
[EventRounds "11"]
[EventCountry "BRA"]

1. e4 c5 2. Nf3 e6 3. d3 Nc6 4. g3 Nf6 5. Bg2 d5 6. Qe2 dxe4 7. dxe4 e5 8. c3
Be7 9. Na3 O-O 10. O-O a6 11. Nc4 Qc7 12. a4 h6 13. Nh4 Bg4 14. Bf3 Be6 15. Nf5
Rfe8 16. Kh1 Bf8 17. g4 Ne7 18. Rg1 Ng6 19. g5 hxg5 20. Bxg5 Nh7 21. Bd2 Bxf5
22. exf5 Nf4 23. Qe4 Rab8 24. Rae1 Nf6 25. Qc2 Nh3 26. Rg2 b5 27. axb5 axb5 28.
Ne3 Nf4 29. Rg3 e4 30. Ng4 Nxg4 31. Bxg4 Nd3 32. Rf1 Bd6 33. Rh3 Bf4 34. Be3
Rbd8 35. Rg1 Qe5 36. Rh5 Rd6 37. Qe2 Qf6 38. Qf1 Kf8 39. Be2 Bxe3 40. fxe3 Ke7
41. Qg2 Kd8 42. Rg5 Qh6 43. Qg3 Kd7 44. Rxg7 Re7 45. Ra1 b4 46. Ra7+  1-0

[Event "87o Campeonato Brasileiro Absoluto Final Aberta"]
[Site "Cuiaba MT"]
[Date "2021.10.31"]
[Round "5"]
[Board "18"]
[White "Veiga, Emerson De Sousa"]
[Black "Brito, Luismar"]
[Result "0-1"]
[WhiteElo "2072"]
[BlackElo "2198"]
[PlyCount "82"]
[EventDate "2021.10.28"]
[EventRounds "11"]
[EventCountry "BRA"]

1. e4 c5 2. Nf3 d6 3. d4 cxd4 4. Nxd4 Nf6 5. Nc3 a6 6. Be3 e6 7. f3 b5 8. g4
Nfd7 9. Qd2 Bb7 10. O-O-O Nc6 11. h4 Nde5 12. f4 Nxg4 13. Bh3 h5 14. Qe2 Nxe3
15. Qxe3 Nxd4 16. Rxd4 Be7 17. Rg1 Qb6 18. e5 dxe5 19. fxe5 Bc5 20. Ne2 g6 21.
Qf4 Bxd4 22. Nxd4 O-O-O 23. c3 Rd7 24. a3 Rhd8 25. Bg2 Rc7 26. Bxb7+ Kxb7 27.
Qe4+ Rd5 28. Kb1 Ka7 29. Rf1 Qc5 30. Re1 a5 31. Nb3 Qb6 32. Qf4 Kb8 33. Qf3
Rcd7 34. Ka2 Qc7 35. Qf4 a4 36. Nd4 Qc4+ 37. Ka1 b4 38. axb4 a3 39. b5 axb2+
40. Kxb2 Rxd4 41. cxd4 Qb4+  0-1

[Event "87o Campeonato Brasileiro Absoluto Final Aberta"]
[Site "Cuiaba MT"]
[Date "2021.10.31"]
[Round "5"]
[Board "19"]
[White "Nemeth Junior, Henrique"]
[Black "Ribeiro, Matheus Mendes Domingues"]
[Result "1-0"]
[WhiteElo "2056"]
[BlackElo "2177"]
[PlyCount "35"]
[EventDate "2021.10.28"]
[EventRounds "11"]
[EventCountry "BRA"]

1. c4 e6 2. Nf3 d5 3. e3 Nf6 4. Nc3 Be7 5. b3 b6 6. cxd5 Nxd5 7. Nxd5 Qxd5 8.
Bb2 O-O 9. Qc2 c5 10. Bd3 Bb7 11. Bxh7+ Kh8 12. h4 f5 13. Ng5 Nc6 14. Qd1 Qxg2
15. Qh5 Qg4 16. Qg6 Bf6 17. Bg8 Nb4 18. Qh7#  1-0

[Event "87o Campeonato Brasileiro Absoluto Final Aberta"]
[Site "Cuiaba MT"]
[Date "2021.10.31"]
[Round "5"]
[Board "20"]
[White "Do Nascimento, Christian Almeida"]
[Black "Rocha, Vitor Firmo De Souza"]
[Result "0-1"]
[WhiteElo "2037"]
[BlackElo "2176"]
[PlyCount "78"]
[EventDate "2021.10.28"]
[EventRounds "11"]
[EventCountry "BRA"]

1. d4 d5 2. Bf4 c5 3. e3 Nc6 4. Nc3 cxd4 5. exd4 Bf5 6. Nf3 e6 7. Be2 Nf6 8.
O-O Bb4 9. Nb5 O-O 10. a3 Be7 11. h3 h6 12. Ne5 Qb6 13. b3 a6 14. Nd7 Nxd7 15.
Bc7 axb5 16. Bxb6 Nxb6 17. c3 Bxa3 18. b4 Nc4 19. Ra2 Ra6 20. Qb3 Rfa8 21. Rfa1
Kf8 22. Bxc4 dxc4 23. Qd1 Ne7 24. Qf3 Nd5 25. Re1 Bd3 26. Raa1 Bb2 27. Rxa6
Rxa6 28. Qg3 Ra8 29. Qd6+ Kg8 30. Rxe6 fxe6 31. Qxe6+ Kf8 32. Qxd5 Bxc3 33. f4
Bxb4 34. Qxb5 Bd2 35. g3 Be3+ 36. Kg2 Be4+ 37. Kf1 c3 38. Qe5 Bd3+ 39. Kg2 Bd2
 0-1

[Event "87o Campeonato Brasileiro Absoluto Final Aberta"]
[Site "Cuiaba MT"]
[Date "2021.10.31"]
[Round "5"]
[Board "21"]
[White "Sega, Carlos Alberto"]
[Black "Franca Junior, Jairo"]
[Result "1-0"]
[WhiteElo "2164"]
[BlackElo "1755"]
[PlyCount "103"]
[EventDate "2021.10.28"]
[EventRounds "11"]
[EventCountry "BRA"]

1. c4 Nf6 2. g3 e6 3. Nf3 d5 4. d4 c5 5. cxd5 exd5 6. Bg2 Nc6 7. O-O Be7 8. b3
O-O 9. Bb2 Be6 10. Nc3 Rc8 11. dxc5 Bxc5 12. Na4 Be7 13. Nd4 Qd7 14. Rc1 b6 15.
Nxe6 fxe6 16. e4 dxe4 17. Qxd7 Nxd7 18. Bxe4 Nb4 19. a3 Nd5 20. b4 Bf6 21. Bd3
Bxb2 22. Nxb2 Ne5 23. Ba6 Rc3 24. Rxc3 Nxc3 25. Rc1 Nd5 26. Nd3 Nxd3 27. Bxd3
Rd8 28. Bb1 Kf7 29. Kf1 h6 30. Ke2 Kf6 31. Ba2 Rd7 32. Rc6 Ke7 33. f4 Rd6 34.
Bxd5 Rxd5 35. Rc7+ Rd7 36. Rxd7+ Kxd7 37. Kd3 Kc6 38. Kc4 a6 39. a4 Kd6 40. Kd4
h5 41. h3 Kd7 42. Ke5 Ke7 43. g4 hxg4 44. hxg4 Kd7 45. g5 Ke7 46. f5 exf5 47.
Kxf5 Kf7 48. g6+ Ke7 49. Ke5 Kd7 50. Kd5 a5 51. b5 Kc7 52. Ke6  1-0

[Event "87o Campeonato Brasileiro Absoluto Final Aberta"]
[Site "Cuiaba MT"]
[Date "2021.10.31"]
[Round "5"]
[Board "22"]
[White "Pinto, Pedro Jorge De Moraes"]
[Black "Zanette, Edgard Vinicius"]
[Result "1/2-1/2"]
[WhiteElo "2010"]
[BlackElo "2157"]
[PlyCount "105"]
[EventDate "2021.10.28"]
[EventRounds "11"]
[EventCountry "BRA"]

1. Nf3 d5 2. b3 Bf5 3. Bb2 e6 4. d3 Nf6 5. Nbd2 Be7 6. g3 O-O 7. Bg2 h6 8. O-O
Nbd7 9. Nd4 Bh7 10. e4 c5 11. Ne2 Qc7 12. Nf4 dxe4 13. dxe4 Rad8 14. Qe2 Ne5
15. Rad1 Nc6 16. Qc4 Nd4 17. a4 a6 18. Rfe1 b5 19. axb5 axb5 20. Qc3 e5 21. Nd3
Bd6 22. Nc1 Bg6 23. Qd3 Bh5 24. f3 Qb6 25. Kh1 Bc7 26. g4 Ne6 27. Qe3 Bg6 28.
Nd3 Nd7 29. b4 Rfe8 30. bxc5 Nexc5 31. Nb4 Na4 32. Qxb6 Ndxb6 33. Ba1 Re6 34.
Bf1 Red6 35. Bxe5 Rxd2 36. Rxd2 Rxd2 37. Bxc7 Nc4 38. Bxc4 bxc4 39. Ra1 Nc3 40.
Be5 Nxe4 41. fxe4 Bxe4+ 42. Kg1 Bxc2 43. Nxc2 Rxc2 44. Ra8+ Kh7 45. Rc8 Re2 46.
Rc5 f6 47. Bc3 Re4 48. h3 Re3 49. Rxc4 Rxh3 50. Kg2 Rd3 51. Rc7 Kg6 52. Bb4 Rd4
53. Bf8  1/2-1/2

[Event "87o Campeonato Brasileiro Absoluto Final Aberta"]
[Site "Cuiaba MT"]
[Date "2021.10.31"]
[Round "5"]
[Board "23"]
[White "Proudian, Armen"]
[Black "Alves Campelo, Danilo Cesar De L"]
[Result "1-0"]
[WhiteElo "2427"]
[BlackElo "2017"]
[PlyCount "83"]
[EventDate "2021.10.28"]
[EventRounds "11"]
[EventCountry "BRA"]

1. e4 e6 2. d4 d5 3. exd5 exd5 4. Bd3 Bd6 5. Qf3 Ne7 6. Ne2 Nbc6 7. c3 O-O 8.
Bf4 Re8 9. O-O Bf5 10. Nd2 Bxd3 11. Qxd3 Bxf4 12. Nxf4 Ng6 13. Nxg6 hxg6 14.
Rae1 Qd7 15. Qb5 b6 16. h3 Qd6 17. Nf3 Kf8 18. Nh2 Rxe1 19. Rxe1 Re8 20. Rxe8+
Kxe8 21. Ng4 Kd8 22. Ne3 Ne7 23. Qa6 Nc6 24. Qb7 a5 25. Qa8+ Ke7 26. Qg8 Qe6
27. Qxg7 b5 28. Qh6 Kd7 29. Qf4 f5 30. f3 Ne7 31. Kf2 b4 32. cxb4 axb4 33. Nc2
Qb6 34. Qe3 Qa5 35. Qb3 c5 36. Kg3 Kd6 37. dxc5+ Kxc5 38. Qe3+ Kd6 39. Nd4 Qxa2
40. Qe6+ Kc5 41. Nc2 Nc6 42. Qxc6+  1-0

[Event "87o Campeonato Brasileiro Absoluto Final Aberta"]
[Site "Cuiaba MT"]
[Date "2021.10.31"]
[Round "5"]
[Board "24"]
[White "Custodio, Leandro"]
[Black "Santos, Marcus Vinicius Moreira"]
[Result "1-0"]
[WhiteElo "1953"]
[BlackElo "2375"]
[PlyCount "51"]
[EventDate "2021.10.28"]
[EventRounds "11"]
[EventCountry "BRA"]

1. Nf3 g6 2. d4 Bg7 3. h4 Nf6 4. h5 Nxh5 5. e4 d5 6. e5 c5 7. dxc5 Nc6 8. Bb5
O-O 9. Bxc6 bxc6 10. Rh4 f5 11. g3 Rb8 12. Nbd2 Qa5 13. c3 Qxc5 14. Nb3 Qb6 15.
Be3 Qc7 16. Qd4 a5 17. O-O-O e6 18. Rdh1 Re8 19. g4 fxg4 20. Qxg4 Ba6 21. Nc5
Be2 22. Rxh5 gxh5 23. Qxh5 Bxf3 24. Qxh7+ Kf7 25. Rg1 Rg8 26. Qg6+  1-0

[Event "87o Campeonato Brasileiro Absoluto Final Aberta"]
[Site "Cuiaba MT"]
[Date "2021.10.31"]
[Round "5"]
[Board "25"]
[White "Pereira, Geanfrancesco"]
[Black "Federzoni, Enzo"]
[Result "1-0"]
[WhiteElo "2023"]
[BlackElo "2215"]
[PlyCount "67"]
[EventDate "2021.10.28"]
[EventRounds "11"]
[EventCountry "BRA"]

1. e4 c5 2. Nc3 d6 3. b3 Nc6 4. Bb2 Nf6 5. h3 e6 6. g4 h6 7. Nge2 Nd4 8. Bg2
Bd7 9. O-O Bc6 10. Ng3 Qc7 11. f4 Nd7 12. Nb1 Qd8 13. a4 Qb6 14. Na3 d5 15.
exd5 Bxd5 16. Bxd5 exd5 17. Re1+ Kd8 18. Kg2 g6 19. Ne2 a6 20. a5 Qf6 21. Nxd4
cxd4 22. Qf3 Bd6 23. Rf1 Re8 24. Rf2 Re4 25. Raf1 Kc7 26. d3 Rxf4 27. Qxd5 Re8
28. Nc4 Re7 29. Ba3 Bxa3 30. Rxf4 Re2+ 31. R1f2 Qxf4 32. Rxe2 Bf8 33. Rf2 Qc1
34. Nb6  1-0

[Event "87o Campeonato Brasileiro Absoluto Final Aberta"]
[Site "Cuiaba MT"]
[Date "2021.10.31"]
[Round "5"]
[Board "26"]
[White "Costa, Kerginaldo Brito Da"]
[Black "Carstens Dobuchak, Thiago"]
[Result "0-1"]
[WhiteElo "1926"]
[BlackElo "2179"]
[PlyCount "80"]
[EventDate "2021.10.28"]
[EventRounds "11"]
[EventCountry "BRA"]

1. e4 c5 2. Nf3 d6 3. c3 Nf6 4. Bc4 Nc6 5. d3 a6 6. a4 Bg4 7. O-O e6 8. Nbd2
Be7 9. Re1 Ne5 10. Qe2 Nxc4 11. Nxc4 b5 12. Ne3 Bh5 13. h3 Rb8 14. Nf1 d5 15.
e5 Nd7 16. Ng3 Bg6 17. axb5 axb5 18. d4 c4 19. Nh2 Qb6 20. Be3 O-O 21. Qg4 b4
22. h4 bxc3 23. bxc3 f5 24. exf6 Nxf6 25. Qh3 Ne4 26. Nxe4 Bxe4 27. Bg5 Bxg5
28. hxg5 e5 29. Rad1 exd4 30. Rxd4 Qb2 31. Qe3 Rb3 32. Rxc4 dxc4 33. Qxe4 Qxf2+
34. Kh1 Rxc3 35. Rf1 Qc5 36. Qe6+ Kh8 37. Rxf8+ Qxf8 38. Nf3 Rxf3 39. gxf3
Qxf3+ 40. Kh2 Qh5+  0-1

[Event "87o Campeonato Brasileiro Absoluto Final Aberta"]
[Site "Cuiaba MT"]
[Date "2021.10.31"]
[Round "5"]
[Board "27"]
[White "Abrantes, Tiago Garrido"]
[Black "Vicentin, Marcos Tadeu"]
[Result "1-0"]
[WhiteElo "2178"]
[BlackElo "1961"]
[PlyCount "95"]
[EventDate "2021.10.28"]
[EventRounds "11"]
[EventCountry "BRA"]

1. d4 Nf6 2. c4 c5 3. Nf3 cxd4 4. Nxd4 e5 5. Nb5 d5 6. cxd5 Bc5 7. e3 O-O 8.
N5c3 e4 9. Be2 Bf5 10. a3 Nbd7 11. b4 Bd6 12. Ra2 Rc8 13. Rd2 a6 14. Bb2 Ne5
15. Qb3 Qe7 16. Rd1 h5 17. h3 Rfe8 18. Rd2 h4 19. Nd1 Nfd7 20. Bd4 Qg5 21. Kf1
Bg6 22. Nbc3 Kh7 23. Nb2 f5 24. Bd1 Rf8 25. Ne2 Nd3 26. Nxd3 exd3 27. Ng1 f4
28. Nf3 Qe7 29. e4 Bxe4 30. Rxd3 Rfe8 31. Kg1 Rc1 32. Kh2 Bxf3 33. Bxf3 Rxh1+
34. Kxh1 Qe1+ 35. Kh2 Re3 36. Qc2 Rxd3 37. Qxd3+ g6 38. Qc3 Qxc3 39. Bxc3 Ne5
40. Kg1 Nxf3+ 41. gxf3 g5 42. Kf1 Kg6 43. Ke2 Kf5 44. Kd3 b5 45. Bd4 Be5 46.
Bxe5 Kxe5 47. d6 Kxd6 48. Kd4  1-0